Modeling and optimal design of photovoltaic based hybrid renewable energy systems /
Saved in:
| Main Author: | |
|---|---|
| Format: | Thesis Book |
| Language: | English |
| Published: |
2014
|
| Subjects: | |
| Tags: |
Add Tag
No Tags, Be the first to tag this record!
|
| LEADER | 01349cam a2200325 i 4500 | ||
|---|---|---|---|
| 001 | u999213 | ||
| 003 | SIRSI | ||
| 005 | 201407141002 | ||
| 008 | 140714s2014 my a t 000 0 eng m | ||
| 040 | |a UMM |e rda | ||
| 090 | |a TK7 |b UMP 2014 Ism | ||
| 097 | |a TK7 |b UMP 2014 Ism | ||
| 100 | 1 | |a Ismail, Mahmoud Salah | |
| 245 | 1 | 0 | |a Modeling and optimal design of photovoltaic based hybrid renewable energy systems / |c Mahmoud Salah Ismail |
| 264 | 1 | |c 2014 | |
| 264 | 4 | |c 2014 | |
| 300 | |a xxii, 183 leaves : |b illustrations ; |c 30 cm | ||
| 336 | |a text |2 rdacontent | ||
| 337 | |a unmediated |2 rdamedia | ||
| 338 | |a volume |2 rdacarrier | ||
| 502 | |b Ph.D |c Jabatan Kejuruteraan Elektrik, Fakulti Kejuruteraan, Universiti Malaya |d 2014. | ||
| 504 | |a Bibliography: leaves 163-174 | ||
| 650 | 0 | |a Photovoltaic power systems | |
| 650 | 0 | |a Renewable energy sources | |
| 710 | 2 | |a Universiti Malaya. |b Jabatan Kejuruteraan Elektrik, |e degree granting institution. | |
| 900 | |a ZA | ||
| 596 | |a 1 7 | ||
| 999 | |a TK7 UMP 2014 ISM |w LC |c 1 |i A515926165 |d 18/8/2016 |e 18/8/2016 |f 18/2/2016 |g 1 |l STACKS |m P01UTAMA |n 2 |r Y |s Y |t TESIS |u 11/2/2016 |1 STEM | ||
| 999 | |a TK7 UMP 2014 ISM |w LC |c 1 |i A515969228 |d 2/10/2014 |f 2/10/2014 |g 1 |l STACKS |m P07JURUTER |r N |s Y |t TESIS |u 2/9/2014 | ||
| 999 | |a TK7 UMP 2014 ISM |w LC |c 2 |i A515963185 |d 2/10/2014 |f 2/10/2014 |g 1 |l COUNTER |m P07JURUTER |r N |s Y |t CD |u 2/10/2014 | ||
